| 000 | 00813cam a2200265 i 4500 | ||
|---|---|---|---|
| 001 | 25755 | ||
| 003 | Mx-PuUPA | ||
| 005 | 20241015144303.0 | ||
| 008 | 140415s2017 mx a gr 000 0 spa d | ||
| 020 | _a9786079391645 | ||
| 040 |
_aMx-PuUPA _cMx-PuUPA _bspa _dMx-PuUPA _erda |
||
| 041 | _aspa | ||
| 245 | 1 | 0 |
_aCódigo de comercio : _bcomentado y correlacionado |
| 250 | _aSegunda edición | ||
| 264 | 1 |
_aCiudad de México : _bGallardo Ediciones, _c2017 |
|
| 300 |
_a379 páginas : _bilustraciones ; _c24 cm |
||
| 336 |
_2rdacontent _atexto _btxt |
||
| 337 |
_2rdamedia _asin medio _bn |
||
| 338 |
_2rdacarrier _avolumen _bnc |
||
| 650 | 7 |
_2armarc _913986 |
|
| 942 |
_2ddc _cLI _hxx _ixx |
||
| 999 |
_c25755 _d25755 |
||